000 00564nam a2200217Ia 4500
005 20250425161623.0
008 250425s9999 xx 000 0 und d
020 _a0131651005
041 _aeng
082 _a658.054
100 _aSARDINAS, JOSEPH L.
245 0 _aSTUDY GUIDE AND WORKBOOK COMPUTING TODAY: AN INTRODUCTION TO BUSINESS DATA PROCESSING
250 _aS.E.
260 _aEstados Unidos
_bPRENTICE-HALL
_c1981
260 _aS.L.
300 _a186
650 _aCOMPUTACION
650 _aPROCESO DE DATOS
942 _c01
010 _a24401
999 _c212723
_d212723